000 01108nam a22003377a 4500
003 CHAP
005 20220329143911.0
008 120702s1992 mdu r 00010 eng d
010 _a103484
011 _a104456
022 0 _a1052-5378
035 _a115146
040 _cCHAP
090 _aFolleto 18312
100 1 _aBerry, D'Anna J.
_911987
245 1 0 _aVeal Calves :
_bjanuary 1979 - august 1992
_c/por D'Anna J. Berry
260 _aMaryland, EUA :
_bNational Agricultural Library,
_c1992
300 _a49 p.
490 0 _aQuick bibliography series.
_pAnimal welfare
_v; 92-67
590 _aBATCH-UPD
_b10
_c20130110
_lUCH01
_h1726
590 _aBATCH-UPD
_b10
_c20130410
_lUCH01
_h1109
590 _aBATCH-UPD
_b10
_c20130914
_lUCH01
_h0554
590 _aCONVERSION
_b10
_c20130109
_lUCH01
_h1357
650 1 4 _aBecerros.
_911171
650 1 4 _aGanado de carne.
_945067
650 1 4 _aGanado vacuno
_xBibliografía.
_945438
830 0 _aQuick bibliography series.
_pAnimal welfare
_v; 92-67
_993291
901 _aBK
942 _cFOLL
949 _aFolleto 18312
_bBC
_cFOLL
_d33724002330876
_eTS1
_i115146
_sb
999 _c103484
_d103484